Quali città sono più distanti? - Statistics

Statistiche generali
  • Questo quiz è stato fatto 25 volte
  • Il punteggio medio è 7 su 13
Statistiche sulle risposte
Domanda Risposta % Corretto
Qual è più distante? Los Angeles - New York
86%
Qual è più distante? Singapore - Panama
86%
Qual è più distante? Melbourne - Washington D.C.
68%
Qual è più distante? Città del Messico - Toronto
59%
Qual è più distante? Oslo - Varsavia
55%
Qual è più distante? Bangkok - Lima
50%
Qual è più distante? Dubai - Karachi
50%
Qual è più distante? Riga - Helsinki
50%
Qual è più distante? Istanbul - Gerusalemme
45%
Qual è più distante? Montreal - Reykjavík
45%
Qual è più distante? Algeri - Rabat
36%
Qual è più distante? Santiago del Cile - Pyongyang
32%
Qual è più distante? Ryad - Tripoli
27%
Nessun quiz corrispondente trovato
Distribuzione punteggi
Percentuale di utenti per punteggio
Percentile per numero di risposta
I tuoi punteggi nel tempo
Non hai fatto questo quiz